| 000 | 00993cam a22003255a 4500 | ||
|---|---|---|---|
| 999 |
_c13998 _d13998 |
||
| 001 | 2536330 | ||
| 003 | EG-ScBUE | ||
| 005 | 20210131093017.0 | ||
| 008 | 931207r20052004nyu f 000 f eng d | ||
| 020 | _a0446613657 | ||
| 040 |
_aDLC _beng _erda _cDLC _dEG-ScBUE |
||
| 082 | 0 | 4 |
_a813.54 _bSHE _222 |
| 100 | 1 |
_aSheldon, Sidney, _eauthor. _95911 |
|
| 245 | 1 | 0 |
_aAre you afraid of the dark? / _cSidney Sheldon. |
| 250 | _aReprinted edition. | ||
| 264 | 1 |
_aNew York, NY : _bTime Warner Book Group, _c2005. |
|
| 300 |
_a398 pages : _c18 cm |
||
| 336 |
_2rdacontent _atext _btxt |
||
| 337 |
_2rdamedia _aunmediated _bn |
||
| 338 |
_2rdacarrier _avolume _bnc |
||
| 500 | _aFirst Time in Paperback the New York Times Bestseller. | ||
| 590 | _amustafa galal. | ||
| 650 | 7 |
_91830 _aEnglish Fiction. _2BUEsh |
|
| 650 | 7 |
_aResearch institutes _vFiction. _2BUEsh |
|
| 651 | _2BUEsh | ||
| 653 |
_cAugust2015 _bHHUUEENN |
||
| 655 |
_vReading book _934232 |
||
| 942 |
_2ddc _cBB |
||